Bases pedagógicas de la educación especial: manual para la formación inicial del profesorado
Salvato in:
| Autori principali: | , , , |
|---|---|
| Altri autori: | , |
| Natura: | Libro |
| Lingua: | spagnolo |
| Pubblicazione: |
Madrid
Biblioteca Nueva
2003
|
| Serie: | Serie Educación
|
| Soggetti: | |
| Tags: |
Aggiungi Tag
Nessun Tag, puoi essere il primo ad aggiungerne!!
|
MARC
| LEADER | 00000nam a2200000 a 4500 | ||
|---|---|---|---|
| 001 | UCK3733 | ||
| 003 | CL-VaPUC | ||
| 005 | 20230322173725.0 | ||
| 008 | 050506e20030000SP |||||||||||||||||spa|d | ||
| 999 | |c 312827 |d 312825 | ||
| 020 | |a 8497422260 | ||
| 040 | |c Pontificia Universidad Católica de Valparaíso | ||
| 082 | 0 | 4 | |a 370.7 |b CAN |2 21 |
| 100 | 1 | |a Cano González, Rufino |e coordinador |9 880673 | |
| 245 | 1 | 0 | |a Bases pedagógicas de la educación especial: manual para la formación inicial del profesorado |
| 260 | |a Madrid |b Biblioteca Nueva |c 2003 | ||
| 300 | |a 387 p | ||
| 490 | 0 | |a Serie Educación | |
| 583 | |a last modification |c 20050506 00:00:00 |k Rodrigo Vera | ||
| 650 | 0 | |a Dificultades del aprendizaje |9 491990 | |
| 650 | 0 | |a Educación especial |9 307486 | |
| 650 | 0 | |a Formación de docentes |9 329378 | |
| 700 | |a García Nieto, Narciso |e author |9 546696 | ||
| 700 | |a Parrilla latas, Angeles |e autora |9 477590 | ||
| 700 | |a Paula Pérez, Isabel |e autora |9 481259 | ||
| 700 | 0 | |a Sánchez Manzano, Esteban |e author |9 491988 | |
| 700 | 0 | |a Susinos Rada, Teresa |e author |9 491989 | |
| 942 | |c BK |2 ddc | ||
| 945 | |d 20050506 00:00:00 |a jcarroza | ||
| 952 | |0 0 |1 0 |4 0 |6 370_700000000000000_CAN_2003 |7 0 |8 A |9 383665 |a BIBEDU |b BIBEDU |c ES_NOD |d 2019-11-21 |i 4119991 |o 370.7 CAN 2003 |p 4119991 |r 2023-08-09 |w 2019-11-21 |y BK |k EDI | ||